[Event "Zlin op"]
[Site "Zlin"]
[Date "1996.??.??"]
[Round "?"]
[White "Spisak, Czeslaw"]
[Black "Chura, Jan"]
[Result "1-0"]
[WhiteElo "2345"]
[BlackElo "2215"]
[PlyCount "87"]
[EventDate "1996.??.??"]
[EventType "swiss"]
[EventRounds "9"]
[EventCountry "CZE"]
[SourceTitle "EXT 1999"]
[Source "ChessBase"]
[SourceDate "1998.11.16"]
[SourceVersion "1"]
[SourceVersionDate "1998.11.16"]
[SourceQuality "1"]

1. e4 e5 2. Nf3 Nc6 3. Bb5 a6 4. Ba4 Nf6 5. 0-0 Be7 6. Re1 b5 7. Bb3 d6 8. c3 0-0 9. d4 Bg4 10. d5 Na5 11. Bc2 c6 12. h3 Bc8 13. dxc6 Qc7 14. a4 b4 15. Bg5 Rb8 16. b3 bxc3 17. Nxc3 Nxc6 18. Bxf6 Bxf6 19. Nd5 Qd8 20. Bd3 g6 21. Rc1 Nd4 22. Nxd4 exd4 23. Rxc8 Rxc8 24. Bxa6 Rc3 25. b4 Be5 26. Bd3 Ra3 27. a5 Qa8 28. Qd2 Rc8 29. Nb6 Qb7 30. Nxc8 Qxc8 31. Rc1 Qd8 32. g3 d5 33. exd5 Qxd5 34. a6 Qf3 35. Qe2 Qxe2 36. Bxe2 Kg7 37. Rd1 Ra2 38. Kf1 Kf6 39. b5 Bc7 40. Rxd4 Ke7 41. Rc4 Kd7 42. Rc6 Be5 43. Bc4 Ra5 44. Rb6 1-0

[Event "CZE-chT1c 9495"]
[Site "Czech Republic"]
[Date "1995.??.??"]
[Round "4"]
[White "Chura, Jan"]
[Black "Vavruska, Antonin"]
[Result "1-0"]
[WhiteElo "2220"]
[BlackElo "2260"]
[PlyCount "81"]
[EventDate "1994.??.??"]
[EventType "team"]
[EventRounds "11"]
[EventCountry "CZE"]
[SourceTitle "EXT 1998"]
[Source "ChessBase"]
[SourceDate "1997.11.17"]
[SourceVersion "1"]
[SourceVersionDate "1997.11.17"]
[SourceQuality "1"]

1. e4 e5 2. Nf3 d6 3. d4 Nf6 4. Nc3 Nbd7 5. Bc4 Be7 6. 0-0 0-0 7. Qe2 c6 8. dxe5 dxe5 9. Ng5 b5 10. Bb3 Nc5 11. Be3 Nxb3 12. axb3 Qc7 13. h3 h6 14. Nf3 Be6 15. Ra6 Bc8 16. Raa1 a5 17. Rfd1 Be6 18. Ne1 b4 19. Na4 c5 20. f3 Nd7 21. Qf2 Ra6 22. Nd3 Rc6 23. c4 bxc3 24. Nxc3 Bxb3 25. Nd5 Qd8 26. Rdc1 c4 27. Rxa5 Bh4 28. Qd2 Rg6 29. Nf2 f5 30. Ra7 Kh8 31. exf5 Rd6 32. Ne4 c3 33. Qxc3 Rxd5 34. Qxb3 Nb8 35. Qb7 Nd7 36. Qxd5 Rxf5 37. Qxd7 Qg8 38. Rcc7 Bf6 39. Rc8 Bd8 40. Rxd8 Rf8 41. Rxf8 1-0

[Event "CZE-chT1c 9495"]
[Site "Czech Republic"]
[Date "1995.??.??"]
[Round "9"]
[White "Jankovec, Ivan"]
[Black "Chura, Jan"]
[Result "0-1"]
[WhiteElo "2275"]
[BlackElo "2220"]
[PlyCount "100"]
[EventDate "1994.??.??"]
[EventType "team"]
[EventRounds "11"]
[EventCountry "CZE"]
[SourceTitle "EXT 1998"]
[Source "ChessBase"]
[SourceDate "1997.11.17"]
[SourceVersion "1"]
[SourceVersionDate "1997.11.17"]
[SourceQuality "1"]

1. d4 d5 2. Nf3 Nf6 3. c4 c6 4. Nc3 dxc4 5. a4 Bf5 6. e3 e6 7. Bxc4 Bb4 8. 0-0 0-0 9. Qe2 Nbd7 10. e4 Bg4 11. e5 Nd5 12. Ne4 f5 13. Ng3 a5 14. h3 Bxf3 15. Qxf3 Qh4 16. Rd1 Nxe5 17. dxe5 Qxc4 18. Nf1 Qh4 19. Ne3 Rad8 20. Nc2 Bc5 21. Bd2 b6 22. Ne1 Bd4 23. Nd3 c5 24. Rab1 Qe4 25. Nf4 Qxf3 26. gxf3 Nxf4 27. Bxf4 Rd5 28. Rd2 Kf7 29. h4 Rfd8 30. Re1 R8d7 31. Rc2 Rc7 32. Bd2 Ke7 33. f4 Kd7 34. Rec1 Kc6 35. b3 Rdd7 36. Kg2 Rd8 37. Be1 h6 38. h5 g5 39. hxg6 Rg8 40. Kf3 Rxg6 41. Bd2 h5 42. b4 axb4 43. Bxb4 h4 44. a5 Kb7 45. Ba3 h3 46. Rb1 h2 47. Rcc1 Rh7 48. Rxb6+ Ka7 49. Bxc5 Bxc5 50. Rbb1 Rhg7 0-1